000 01021nam a22002291a 4500
999 _c18636
_d18636
001 18636
003 OSt
005 20260204212415.0
008 180402s2018||||dr ||||||b||||||||||spa||
090 _aDER 2018 B73
100 1 _aBretón Castillo,Ulises Rafael
_esustentante
245 1 _aEl procedimiento de embargo conservatorio de derecho común, en el Distrito Judicial de Sánchez Ramírez,año 2015-2016/Ulises Rafael Bretón Castillo ; asesor Amable A. Quezada Frías
260 _aCotuí, República Dominicana :
_bUTECO,
_c2018
300 _a51 hojas
502 _aTrabajo de grado (Licenciatura en Derecho)--Universidad Tecnológica del Cibao Oriental, 2018.
504 _aincluye referencia bibliográfica e índice
650 4 _aEmbargo conservatorio de derecho común
700 1 _aBretón Castillo, Ulises Rafael
_esustentante
700 1 _aQuezada Frías, Amable A.
_easesor
830 _aTesis y disertaciones académicas (Universidad Tecnológica del Cibao Oriental)
942 _2LC
_cTH